[Event "2. Bundesliga West 2010/11"]
[Site "Hohenems"]
[Date "2010.10.17"]
[Round "3"]
[Board "5"]
[White "Matt, Fabian"]
[Black "Novkovic, Julia"]
[Result "1/2-1/2"]
[WhiteElo "2053"]
[BlackElo "2157"]
[PlyCount "97"]
[EventDate "2010.10.15"]
[EventType "team"]
[EventRounds "11"]
[EventCountry "AUT"]
[WhiteTeam "Bregenz"]
[BlackTeam "Dornbirn"]

1.e4 e5 2.Nf3 Nc6 3.Bc4 g6 4.d4 exd4 5.Nxd4 Bg7 6.Be3 Qe7 7.O-O Qc5 8.Nxc6 Qxc4
9.Nd4 Qb4 10.c3 Qe7 11.Nd2 Nh6 12.e5 O-O 13.Re1 d5 14.exd6 Qxd6 15.Ne4 Qa6
16.Qd2 Nf5 17.Bf4 Nxd4 18.cxd4 Qb6 19.Rad1 Be6 20.Nc5 Rfe8 21.Nxe6 Rxe6 22.Rxe6
fxe6 23.Be5 Rf8 24.Bxg7 Kxg7 25.Qc3 Rf5 26.Rc1 Rf7 27.h3 Kg8 28.Rc2 Rd7 29.Qc4
Qd6 30.Re2 Qxd4 31.Qxe6+ Kg7 32.Qe8 Qd1+ 33.Kh2 Qd6+ 34.g3 Rf7 35.Qe3 b6 36.Qc3+
Qf6 37.Qd3 c5 38.f4 Re7 39.Rxe7+ Qxe7 40.Kg2 Qe6 41.b3 Qc6+ 42.Kf2 b5 43.Qc3+
Kg8 44.Qe5 a6 45.Qb8+ Kf7 46.Qh8 h5 47.Qh7+ Kf6 48.Qh8+ Kf7 49.Qh7+ 1/2-1/2

[Event "2. Bundesliga West 2010/11"]
[Site "Hohenems"]
[Date "2010.10.17"]
[Round "3"]
[Board "6"]
[White "Karrer, Damian"]
[Black "Froewis, Annika"]
[Result "1-0"]
[WhiteElo "2194"]
[BlackElo "1968"]
[PlyCount "65"]
[EventDate "2010.10.15"]
[EventType "team"]
[EventRounds "11"]
[EventCountry "AUT"]
[WhiteTeam "Dornbirn"]
[BlackTeam "Bregenz"]

1.e4 e5 2.Nf3 Nc6 3.Bc4 Bc5 4.b4 Bxb4 5.c3 Ba5 6.d4 exd4 7.Qb3 Qe7 8.O-O Bb6
9.cxd4 Nxd4 10.Nxd4 Bxd4 11.Nc3 Nf6 12.Nb5 Be5 13.Ba3 d6 14.Rac1 Bf4 15.Nxc7+
Kd8 16.Nxa8 Bxc1 17.Rxc1 Nxe4 18.Qe3 b6 19.Bd5 Nc5 20.Qxe7+ Kxe7 21.Nc7 a6
22.Bf3 Be6 23.Nd5+ Bxd5 24.Bxd5 Kf6 25.Bb2+ Kg6 26.Re1 f6 27.Re7 Rc8 28.g4 Kh6
29.Bc1+ g5 30.h4 Nd3 31.hxg5+ fxg5 32.Re6+ Kg7 33.Bxg5 1-0

[Event "2. Bundesliga West 2010/11"]
[Site "Salzburg"]
[Date "2010.10.17"]
[Round "3"]
[Board "1"]
[White "Krstic, Uros"]
[Black "Koepke, Christian"]
[Result "1-0"]
[WhiteElo "2410"]
[BlackElo "2381"]
[PlyCount "91"]
[EventDate "2010.10.15"]
[EventType "team"]
[EventRounds "11"]
[EventCountry "AUT"]
[WhiteTeam "Schwarzach"]
[BlackTeam "Hypo Kufstein"]

1.e4 c5 2.d3 Nc6 3.f4 g6 4.Nf3 Bg7 5.Be2 d6 6.O-O e6 7.c3 Nge7 8.Be3 f5 9.Nbd2
O-O 10.a4 b6 11.Nc4 Ba6 12.exf5 gxf5 13.Qb3 Nd5 14.Bd2 Qd7 15.Rae1 Rae8 16.Ng5
h6 17.Nf3 Kh7 18.d4 Bb7 19.dxc5 bxc5 20.Nxd6 Na5 21.Qb5 Qxd6 22.Qxa5 Nxf4
23.Bxf4 Qxf4 24.Qxc5 e5 25.Bb5 Rc8 26.Qe7 Bxf3 27.Rxf3 Qd2 28.Re2 Qd1+ 29.Rf1
Qd5 30.Qxa7 e4 31.Qe3 Kh8 32.Rd2 Qe5 33.g3 Rf6 34.Kh1 Rcf8 35.Qf4 Qc5 36.c4 Qb4
37.Rfd1 R6f7 38.Rd6 Qxb2 39.c5 Qc3 40.c6 e3 41.Re6 Qb3 42.Rdd6 Qb1+ 43.Kg2 Qb2+
44.Kh3 Rg8 45.Rd3 Bf6 46.Bc4 1-0

[Event "2. Bundesliga West 2010/11"]
[Site "Salzburg"]
[Date "2010.10.17"]
[Round "3"]
[Board "2"]
[White "Neuschmied, Siegfried"]
[Black "Hecht, Hans-Joachim"]
[Result "0-1"]
[WhiteElo "2309"]
[BlackElo "2374"]
[PlyCount "78"]
[EventDate "2010.10.15"]
[EventType "team"]
[EventRounds "11"]
[EventCountry "AUT"]
[WhiteTeam "Hypo Kufstein"]
[BlackTeam "Schwarzach"]

1.e4 e5 2.Nf3 Nc6 3.Bb5 Nf6 4.O-O Bc5 5.Bxc6 dxc6 6.Nxe5 Nxe4 7.Qe2 Qd5 8.Nd3
O-O 9.Nxc5 Nxc5 10.Nc3 Qf5 11.d3 Ne6 12.Be3 Bd7 13.f4 Rae8 14.Ne4 c5 15.g4 Qd5
16.c4 Qc6 17.f5 Nd4 18.Qg2 f6 19.b4 b6 20.Rfe1 Qa8 21.Bxd4 cxd4 22.b5 Re5 23.Nd2
Qe8 24.Nf3 Re3 25.Qf2 Rf7 26.Nxd4 Rfe7 27.Rxe3 Rxe3 28.Rd1 Qe5 29.Nc6 Bxc6
30.bxc6 Re2 31.d4 Qe4 32.Qg3 Qxc6 33.c5 h6 34.cxb6 axb6 35.a3 Qe4 36.d5 Re3
37.Qg2 Qe5 38.a4 Kf8 39.Qc2 Re2 0-1

[Event "2. Bundesliga West 2010/11"]
[Site "Salzburg"]
[Date "2010.10.17"]
[Round "3"]
[Board "3"]
[White "Hrvacic, Pavle"]
[Black "Levushkina,  Elena"]
[Result "0-1"]
[WhiteElo "2266"]
[BlackElo "2345"]
[PlyCount "108"]
[EventDate "2010.10.15"]
[EventType "team"]
[EventRounds "11"]
[EventCountry "AUT"]
[WhiteTeam "Schwarzach"]
[BlackTeam "Hypo Kufstein"]

1.e4 c5 2.d4 cxd4 3.c3 Qa5 4.Nf3 Nf6 5.e5 dxc3 6.Nxc3 Ne4 7.Qd5 Qxd5 8.Nxd5 Kd8
9.Bd3 Nc5 10.Bc2 h6 11.b4 Ne6 12.Be4 Na6 13.a3 g5 14.h3 Bg7 15.Bb2 Rb8 16.Ne3 b6
17.O-O-O Bb7 18.Bc2 Rc8 19.Kb1 Nac7 20.Rd2 Ke8 21.Rhd1 Bc6 22.Nf5 Rg8 23.N5d4
Nxd4 24.Nxd4 Bxg2 25.Bf5 e6 26.Bg4 Be4+ 27.Ka2 Bd5+ 28.Kb1 Ke7 29.Re1 Rgd8 30.b5
Kf8 31.a4 Kg8 32.h4 gxh4 33.f4 f5 34.exf6 Bxf6 35.Nxe6 Bxe6 36.f5 Bg5 37.fxe6
dxe6 38.Rxd8+ Rxd8 39.Be5 Ne8 40.Bxe6+ Kf8 41.Bb3 Nf6 42.Bc3 Nd5 43.Be5 Ne3
44.Re2 Ng4 45.Bc3 h3 46.Bb4+ Kg7 47.Bc3+ Bf6 48.Re7+ Kg6 49.Bc2+ Kg5 50.Bxf6+
Kxf6 51.Rxa7 Nf2 52.Rh7 Kg5 53.Rg7+ Kh4 54.Rg6 Kh5 0-1

[Event "2. Bundesliga West 2010/11"]
[Site "Salzburg"]
[Date "2010.10.17"]
[Round "3"]
[Board "4"]
[White "Blaskowski, Johannes"]
[Black "Ljubic, Juro"]
[Result "1-0"]
[WhiteElo "2315"]
[BlackElo "2186"]
[PlyCount "97"]
[EventDate "2010.10.15"]
[EventType "team"]
[EventRounds "11"]
[EventCountry "AUT"]
[WhiteTeam "Hypo Kufstein"]
[BlackTeam "Schwarzach"]

1.e4 c5 2.Nf3 d6 3.d4 cxd4 4.Nxd4 Nf6 5.Nc3 g6 6.f3 Bg7 7.Be3 Nc6 8.Qd2 O-O
9.Bc4 Bd7 10.O-O-O Qa5 11.h4 Ne5 12.Bb3 Rfc8 13.h5 Rxc3 14.Qxc3 Qxc3 15.bxc3
Nxh5 16.g4 Nf6 17.Bh6 Bh8 18.Rh3 Rc8 19.Nf5 Bxf5 20.exf5 Rxc3 21.g5 Nfd7 22.f6
exf6 23.Rxd6 fxg5 24.Bxg5 h5 25.Bd2 Rc6 26.Rd5 Nc5 27.Rd8+ Kh7 28.f4 Bf6 29.Rd5
Ng4 30.Bb4 Nxb3+ 31.axb3 Rc7 32.c4 Nh6 33.Rhd3 Bh4 34.Kd1 b6 35.Ke2 a5 36.Bc3 a4
37.Be5 Re7 38.Rd7 Re6 39.R3d6 Rxd6 40.Rxd6 axb3 41.Rxb6 Ng4 42.Bd4 f5 43.c5 Bg3
44.Kf3 h4 45.Rb7+ Kh6 46.c6 Nh2+ 47.Kg2 Bxf4 48.Be3 Bxe3 49.c7 1-0

[Event "2. Bundesliga West 2010/11"]
[Site "Salzburg"]
[Date "2010.10.17"]
[Round "3"]
[Board "5"]
[White "Pichler, Andreas"]
[Black "Rusche, Johannes"]
[Result "0-1"]
[WhiteElo "1985"]
[BlackElo "2234"]
[PlyCount "62"]
[EventDate "2010.10.15"]
[EventType "team"]
[EventRounds "11"]
[EventCountry "AUT"]
[WhiteTeam "Schwarzach"]
[BlackTeam "Hypo Kufstein"]

1.d4 Nf6 2.c4 c5 3.d5 b5 4.Nf3 e6 5.a4 exd5 6.axb5 Bb7 7.Bg5 Be7 8.Bxf6 Bxf6
9.cxd5 Bxb2 10.Ra2 Bf6 11.e4 d6 12.Nbd2 O-O 13.Bd3 a6 14.Qb3 axb5 15.Rxa8 Bxa8
16.Qxb5 Nd7 17.Nc4 Ne5 18.Nfxe5 Bxe5 19.Na3 f5 20.f3 Qg5 21.O-O Qe3+ 22.Kh1 Qh6
23.g3 Bxg3 24.Qb2 Be5 25.Qc2 fxe4 26.fxe4 Qh3 27.Rxf8+ Kxf8 28.Nc4 Qf3+ 29.Qg2
Qxd3 30.Qf2+ Ke7 31.Nxe5 Qxe4+ 0-1

[Event "2. Bundesliga West 2010/11"]
[Site "Salzburg"]
[Date "2010.10.17"]
[Round "3"]
[Board "6"]
[White "Maurer, Jochen"]
[Black "Klinger, Josef Sen."]
[Result "1-0"]
[WhiteElo "2215"]
[BlackElo "1998"]
[PlyCount "35"]
[EventDate "2010.10.15"]
[EventType "team"]
[EventRounds "11"]
[EventCountry "AUT"]
[WhiteTeam "Hypo Kufstein"]
[BlackTeam "Schwarzach"]

1.e4 d6 2.d4 g6 3.Nc3 c6 4.Be3 Bg7 5.Qd2 e5 6.O-O-O Qc7 7.f4 Ne7 8.fxe5 dxe5
9.Nf3 Nd7 10.Bh6 O-O 11.h4 exd4 12.Bxg7 Kxg7 13.Qxd4+ f6 14.h5 Qf4+ 15.Kb1 Ne5
16.h6+ Kh8 17.Qd6 Re8 18.Qxe7 1-0

[Event "2. Bundesliga West 2010/11"]
[Site "Salzburg"]
[Date "2010.10.17"]
[Round "3"]
[Board "1"]
[White "Medvegy, Zoltan"]
[Black "Schmidt, Georg"]
[Result "1-0"]
[WhiteElo "2522"]
[BlackElo "2362"]
[PlyCount "113"]
[EventDate "2010.10.15"]
[EventType "team"]
[EventRounds "11"]
[EventCountry "AUT"]
[WhiteTeam "ATSV Ranshofen"]
[BlackTeam "Mozart 1910"]

1.Nf3 c5 2.c4 Nf6 3.g3 b6 4.Bg2 Bb7 5.O-O g6 6.Nc3 Bg7 7.d4 cxd4 8.Qxd4 Nc6
9.Qf4 Rc8 10.Rd1 O-O 11.Qh4 Na5 12.b3 Rc5 13.Ba3 Rh5 14.Qf4 Bh6 15.Qd4 Nc6
16.Qd3 Ra5 17.Bb2 Nb4 18.Qb1 Rc5 19.a3 Na6 20.Nb5 Be4 21.Qa2 Bg7 22.Nxa7 Qa8
23.Nb5 d5 24.Bd4 Rcc8 25.Nc3 dxc4 26.bxc4 Nc5 27.Nxe4 Qxe4 28.Rab1 Qb7 29.Qb2
Rfd8 30.Ne5 Qc7 31.Nc6 Rd6 32.Qxb6 Ncd7 33.Qxc7 Rxc7 34.Bxf6 Bxf6 35.Rxd6 exd6
36.e3 Nc5 37.Rb8+ Kg7 38.Bd5 Rb7 39.Rxb7 Nxb7 40.Na7 Nc5 41.Nc8 Be5 42.f4 Bb2
43.Nxd6 Bxa3 44.Nxf7 Nd3 45.Kf1 Bc5 46.e4 h6 47.Ke2 Nb4 48.Nd8 Kf6 49.e5+ Ke7
50.Nc6+ Nxc6 51.Bxc6 g5 52.Kf3 Bg1 53.h3 Bd4 54.Ke4 Bf2 55.f5 Bxg3 56.f6+ Kf8
57.e6 1-0

[Event "2. Bundesliga West 2010/11"]
[Site "Salzburg"]
[Date "2010.10.17"]
[Round "3"]
[Board "2"]
[White "Panteleev, Petar"]
[Black "Konnyu, Janos"]
[Result "0-1"]
[WhiteElo "2329"]
[BlackElo "2353"]
[PlyCount "105"]
[EventDate "2010.10.15"]
[EventType "team"]
[EventRounds "11"]
[EventCountry "AUT"]
[WhiteTeam "Mozart 1910"]
[BlackTeam "ATSV Ranshofen"]

1.d4 Nf6 2.c4 g6 3.Nc3 Bg7 4.e4 d6 5.Nf3 O-O 6.Be2 e5 7.O-O Nc6 8.d5 Ne7 9.b4
Nh5 10.Re1 Nf4 11.Bf1 a5 12.bxa5 c5 13.a4 Rxa5 14.Ra3 Ra6 15.Nd2 Bd7 16.Nb5 Qc8
17.Bb2 Bg4 18.Qc2 g5 19.Nc3 Neg6 20.Nd1 Bd7 21.Ne3 Qa8 22.Rea1 Qa7 23.Nf5 Ra8
24.a5 Qb8 25.g3 Nh5 26.Be2 Nf6 27.Nxg7 Kxg7 28.Nf1 Qd8 29.Bc3 b6 30.f3 bxa5
31.Qd2 g4 32.Rxa5 Rxa5 33.Bxa5 Qc8 34.Ne3 h6 35.Qc2 h5 36.Bc3 Rxa1+ 37.Bxa1 gxf3
38.Bxf3 Ng4 39.Bxg4 Bxg4 40.Bc3 Ne7 41.Bd2 Ng8 42.Qd3 Nf6 43.Nf5+ Bxf5 44.exf5
Qb7 45.Kg2 Qb2 46.Qe3 Ne4 47.Qxe4 Qxd2+ 48.Kh1 Kf6 49.h3 Qg5 50.g4 hxg4 51.hxg4
Qh4+ 52.Kg2 Kg5 53.Kf3 0-1

[Event "2. Bundesliga West 2010/11"]
[Site "Salzburg"]
[Date "2010.10.17"]
[Round "3"]
[Board "3"]
[White "Dovzik, Juri"]
[Black "Hanel, Reinhard"]
[Result "0-1"]
[WhiteElo "2381"]
[BlackElo "2275"]
[PlyCount "64"]
[EventDate "2010.10.15"]
[EventType "team"]
[EventRounds "11"]
[EventCountry "AUT"]
[WhiteTeam "ATSV Ranshofen"]
[BlackTeam "Mozart 1910"]

1.c4 g6 2.d4 Bg7 3.Nf3 d6 4.g3 Nf6 5.Bg2 O-O 6.O-O Nbd7 7.Nc3 e5 8.e4 Re8 9.Re1
c6 10.h3 exd4 11.Nxd4 Nc5 12.Bf4 Nh5 13.Be3 a5 14.Qc2 Qc7 15.Rad1 a4 16.Rd2 Qa5
17.Red1 a3 18.b3 f5 19.exf5 Bxf5 20.Nxf5 Bxc3 21.Nh6+ Kg7 22.Re2 Rad8 23.Ng4 Nf6
24.Bh6+ Kf7 25.Rxe8 Kxe8 26.Nxf6+ Bxf6 27.Bd2 Qc7 28.b4 Ne6 29.Qb3 Ra8 30.Bc1
Kf7 31.Bxa3 Nd4 32.Qd3 Qe7 0-1

[Event "2. Bundesliga West 2010/11"]
[Site "Salzburg"]
[Date "2010.10.17"]
[Round "3"]
[Board "4"]
[White "Opl, Klaus"]
[Black "Sadilek, Peter"]
[Result "1/2-1/2"]
[WhiteElo "2360"]
[BlackElo "2213"]
[PlyCount "78"]
[EventDate "2010.10.15"]
[EventType "team"]
[EventRounds "11"]
[EventCountry "AUT"]
[WhiteTeam "Mozart 1910"]
[BlackTeam "ATSV Ranshofen"]

1.d4 Nf6 2.c4 c6 3.Nc3 d5 4.Nf3 dxc4 5.a4 Bf5 6.Ne5 e6 7.f3 c5 8.e4 cxd4 9.exf5
Bb4 10.Bxc4 dxc3 11.Qxd8+ Kxd8 12.O-O Ke7 13.bxc3 Bd6 14.Re1 Rc8 15.Ba2 Rxc3
16.fxe6 fxe6 17.Bb2 Rc2 18.Nd3 Rd2 19.Rxe6+ Kd7 20.Re3 Nc6 21.Be6+ Kc7 22.Bxf6
gxf6 23.Bd5 Rd8 24.Be4 Rg8 25.g3 h5 26.Bxc6 bxc6 27.Rc1 h4 28.f4 hxg3 29.hxg3
Rb8 30.Ne1 Kd7 31.Nf3 Ra2 32.Rd3 Kc7 33.Kf1 Rbb2 34.Nd4 Rf2+ 35.Kg1 Rg2+ 36.Kh1
Rh2+ 37.Kg1 Rhg2+ 38.Kh1 Rh2+ 39.Kg1 Rhg2+ 1/2-1/2

[Event "2. Bundesliga West 2010/11"]
[Site "Salzburg"]
[Date "2010.10.17"]
[Round "3"]
[Board "5"]
[White "Riediger, Martin"]
[Black "Azad, Razik"]
[Result "1-0"]
[WhiteElo "2252"]
[BlackElo "2138"]
[PlyCount "79"]
[EventDate "2010.10.15"]
[EventType "team"]
[EventRounds "11"]
[EventCountry "AUT"]
[WhiteTeam "ATSV Ranshofen"]
[BlackTeam "Mozart 1910"]

1.c4 Nf6 2.Nf3 e6 3.g3 b6 4.Bg2 Bb7 5.O-O c5 6.Nc3 Be7 7.d4 cxd4 8.Qxd4 O-O
9.Rd1 Nc6 10.Qf4 Qc8 11.Ng5 Na5 12.Bxb7 Qxb7 13.b3 Rad8 14.Qf3 h6 15.Qxb7 Nxb7
16.Nf3 d6 17.Ba3 Rd7 18.e4 Rfd8 19.Nd4 Na5 20.Bb4 e5 21.Nc2 Nc6 22.f3 Kf8 23.Kf2
g5 24.Nd5 Nxd5 25.cxd5 Nb8 26.Ne3 Na6 27.Bd2 Rc7 28.b4 Rdc8 29.g4 Kg7 30.a3 Kg6
31.Ke2 Nb8 32.Nf5 Bf8 33.Rdc1 Nd7 34.Kd3 h5 35.gxh5+ Kxh5 36.Rg1 f6 37.h4 gxh4
38.Rg4 Rc2 39.Ng3+ hxg3 40.Rh1# 1-0

[Event "2. Bundesliga West 2010/11"]
[Site "Salzburg"]
[Date "2010.10.17"]
[Round "3"]
[Board "6"]
[White "Peterwagner, Heinz"]
[Black "Hackbarth, Wolfgang"]
[Result "1/2-1/2"]
[WhiteElo "2156"]
[BlackElo "2081"]
[PlyCount "35"]
[EventDate "2010.10.15"]
[EventType "team"]
[EventRounds "11"]
[EventCountry "AUT"]
[WhiteTeam "Mozart 1910"]
[BlackTeam "ATSV Ranshofen"]

1.e4 e5 2.d4 exd4 3.Qxd4 Nc6 4.Qe3 Bb4+ 5.Bd2 Bxd2+ 6.Nxd2 d6 7.Bc4 Nf6 8.Ne2
O-O 9.O-O Ng4 10.Qg3 Na5 11.h3 Ne5 12.Bd5 c6 13.Bb3 Nxb3 14.axb3 f5 15.Rad1 Qf6
16.Ra1 Qd8 17.Rad1 Qf6 18.Ra1 1/2-1/2

[Event "2. Bundesliga West 2010/11"]
[Site "Absam"]
[Date "2010.11.26"]
[Round "4"]
[Board "1"]
[White "Hommeles, Theo"]
[Black "Bertagnolli, Alexander"]
[Result "1-0"]
[WhiteElo "2426"]
[BlackElo "2395"]
[PlyCount "119"]
[EventDate "2010.10.15"]
[EventType "team"]
[EventRounds "11"]
[EventCountry "AUT"]
[WhiteTeam "Bregenz"]
[BlackTeam "Rochade Rum"]

1.e4 Nc6 2.d4 d5 3.e5 f6 4.f4 Bf5 5.c3 g5 6.Nf3 Qd7 7.Bb5 a6 8.Bxc6 Qxc6 9.fxg5
O-O-O 10.O-O fxg5 11.Bxg5 Nh6 12.Nbd2 Rg8 13.Qe2 Qg6 14.Rfe1 Bd3 15.Qf2 Ng4
16.Qg3 Qe6 17.Nh4 Bb5 18.a4 Bd7 19.Bf4 Bh6 20.Rf1 Rdf8 21.Bxh6 Qxh6 22.Rxf8+
Rxf8 23.Rf1 Rxf1+ 24.Nxf1 Qc1 25.h3 Nh6 26.Qe3 Qxe3+ 27.Nxe3 Bxa4 28.Nxd5 Kd7
29.Kf2 Bb3 30.Nb4 a5 31.Nd3 b6 32.Nf3 Nf7 33.g4 a4 34.Ke3 Nd8 35.Nd2 Bc2 36.Nb4
Bd1 37.Ne4 c6 38.Nd2 Bb3 39.Ne4 Bd1 40.Nd3 Bb3 41.Ng5 Bg8 42.Nf4 h6 43.Ne4 Nb7
44.h4 Na5 45.Nd2 Bd5 46.h5 Ke8 47.Nh3 Be6 48.Nf2 Kf7 49.Kf4 Kg7 50.Nfe4 Bb3
51.Ng3 e6 52.Ngf1 Bd1 53.Ne3 Be2 54.Kg3 Nb7 55.Kh4 c5 56.d5 b5 57.dxe6 b4
58.Nf5+ Kf8 59.e7+ Ke8 60.Ne4 1-0

[Event "2. Bundesliga West 2010/11"]
[Site "Absam"]
[Date "2010.11.26"]
[Round "4"]
[Board "2"]
[White "Gatterer, Florian"]
[Black "Weindl, Alfred"]
[Result "1/2-1/2"]
[WhiteElo "2306"]
[BlackElo "2374"]
[PlyCount "156"]
[EventDate "2010.10.15"]
[EventType "team"]
[EventRounds "11"]
[EventCountry "AUT"]
[WhiteTeam "Rochade Rum"]
[BlackTeam "Bregenz"]

1.d4 Nf6 2.Bg5 Ne4 3.Bf4 d5 4.e3 c6 5.f3 Nf6 6.c4 dxc4 7.Bxc4 Nd5 8.Qb3 e6
9.Bxd5 exd5 10.Ne2 Be7 11.O-O O-O 12.Nbc3 Na6 13.Rac1 Qb6 14.Qc2 Be6 15.Na4 Qd8
16.Nc5 Nxc5 17.dxc5 Bf6 18.Nd4 Bxd4 19.exd4 Re8 20.Qd2 Qd7 21.Rfe1 Bf5 22.Qa5
Bd3 23.Kf2 Ba6 24.Qd2 f6 25.a3 Qf5 26.Re3 Rxe3 27.Qxe3 Kf7 28.Re1 Qd7 29.Bd6 Re8
30.Qxe8+ Qxe8 31.Rxe8 Kxe8 32.Bb8 b5 33.Bxa7 Bc8 34.Ke3 Bf5 35.Kd2 Kd7 36.Bb8 h5
37.Bd6 Bb1 38.Bf8 g6 39.Kc3 f5 40.Bh6 Ba2 41.b3 Bb1 42.Bf4 Kc8 43.h4 Kd7 44.Be5
Kc8 45.Kd2 Kd7 46.Bd6 Ke6 47.g3 Kd7 48.Kc3 Kc8 49.Be5 Kd7 50.a4 bxa4 51.bxa4 Ba2
52.Kb4 Bc4 53.Ka5 Bb3 54.Kb4 Bc4 55.Kc3 Ke6 56.Kd2 Bb3 57.a5 Bc4 58.Ke3 Ba6
59.Kf4 Be2 60.Kg5 Kf7 61.Bc7 Bd3 62.Bd8 Be2 63.Bc7 Bd3 64.g4 fxg4 65.fxg4 hxg4
66.Kxg4 Kf6 67.Be5+ Kf7 68.Kg5 Ba6 69.Bh8 Bb5 70.Bf6 Bd3 71.Bd8 Bb5 72.Bc7 Ba6
73.Be5 Bc4 74.Bf6 Bd3 75.Bd8 Bb5 76.h5 gxh5 77.Kf5 Ke8 78.Bh4 Kd7 1/2-1/2

[Event "2. Bundesliga West 2010/11"]
[Site "Absam"]
[Date "2010.11.26"]
[Round "4"]
[Board "3"]
[White "Dobosz, Henryk"]
[Black "Eybl, Alexander"]
[Result "1/2-1/2"]
[WhiteElo "2407"]
[BlackElo "2278"]
[PlyCount "91"]
[EventDate "2010.10.15"]
[EventType "team"]
[EventRounds "11"]
[EventCountry "AUT"]
[WhiteTeam "Bregenz"]
[BlackTeam "Rochade Rum"]

1.d4 Nf6 2.c4 e6 3.Nc3 d5 4.cxd5 exd5 5.Bg5 Be7 6.e3 c6 7.Qc2 Nbd7 8.Bd3 O-O
9.Nf3 Re8 10.O-O Nf8 11.Bxf6 Bxf6 12.b4 Bg4 13.Nd2 Be7 14.b5 Bd6 15.Rfe1 Re6
16.Nf1 Rh6 17.f4 Bd7 18.bxc6 Bxc6 19.Rab1 Rc8 20.Bf5 Ne6 21.Qd3 g5 22.fxg5 Qxg5
23.Ne2 a6 24.Neg3 Bb5 25.Qd2 Rc7 26.Bh3 Bxf1 27.Rxf1 Bxg3 28.hxg3 Qxg3 29.Rf3
Qh4 30.Qe1 Qxe1+ 31.Rxe1 Kf8 32.Rf5 Rc2 33.Ref1 Nd8 34.Rxd5 Ke8 35.a4 Rb6 36.Rf4
Rb4 37.Rh4 Ne6 38.Bxe6 fxe6 39.Rd6 Kf7 40.Re4 Rbb2 41.Rg4 b5 42.axb5 axb5 43.e4
b4 44.e5 b3 45.Rd7+ Ke8 46.Rd6 1/2-1/2

[Event "2. Bundesliga West 2010/11"]
[Site "Absam"]
[Date "2010.11.26"]
[Round "4"]
[Board "4"]
[White "Hengl, Christian"]
[Black "Bezler, Rainer"]
[Result "1/2-1/2"]
[WhiteElo "2193"]
[BlackElo "2269"]
[PlyCount "64"]
[EventDate "2010.10.15"]
[EventType "team"]
[EventRounds "11"]
[EventCountry "AUT"]
[WhiteTeam "Rochade Rum"]
[BlackTeam "Bregenz"]

1.e4 e5 2.Bc4 Nc6 3.Nf3 Nf6 4.d3 Bc5 5.c3 Qe7 6.b4 Bb6 7.a4 a6 8.O-O d6 9.h3 Be6
10.Nbd2 O-O 11.Ba3 Qd7 12.Kh2 Rfe8 13.Qb3 Rad8 14.Bxe6 Rxe6 15.Nc4 d5 16.Nxb6
cxb6 17.Rad1 h6 18.Nh4 b5 19.axb5 axb5 20.Bc1 dxe4 21.dxe4 Rd6 22.Rxd6 Qxd6
23.Re1 Qd3 24.f3 Nd4 25.Qb2 Nc2 26.Rg1 Rc8 27.c4 Nd4 28.c5 Rd8 29.Re1 Nh5 30.Nf5
Nxf5 31.exf5 f6 32.Qe2 Qxe2 1/2-1/2

[Event "2. Bundesliga West 2010/11"]
[Site "Absam"]
[Date "2010.11.26"]
[Round "4"]
[Board "5"]
[White "Mira, Helene"]
[Black "Gatterer, Matthias"]
[Result "1/2-1/2"]
[WhiteElo "2133"]
[BlackElo "2072"]
[PlyCount "61"]
[EventDate "2010.10.15"]
[EventType "team"]
[EventRounds "11"]
[EventCountry "AUT"]
[WhiteTeam "Bregenz"]
[BlackTeam "Rochade Rum"]

1.Nf3 Nf6 2.c4 e6 3.d4 d5 4.Nc3 Be7 5.Bg5 Nbd7 6.e3 O-O 7.cxd5 exd5 8.Bd3 c6
9.Qc2 Re8 10.O-O Nf8 11.Rab1 a5 12.a3 Ng6 13.b4 axb4 14.axb4 Bd6 15.e4 dxe4
16.Nxe4 Be7 17.Nxf6+ Bxf6 18.Bxf6 Qxf6 19.b5 Bg4 20.Ne5 Nxe5 21.dxe5 Rxe5
22.bxc6 Qxc6 23.Bxh7+ Kh8 24.Qxc6 bxc6 25.Bd3 Rd8 26.Bc4 Be6 27.Bxe6 Rxe6
28.Rfd1 Red6 29.Rxd6 Rxd6 30.Kf1 Kh7 31.Rb2 1/2-1/2

[Event "2. Bundesliga West 2010/11"]
[Site "Absam"]
[Date "2010.11.26"]
[Round "4"]
[Board "6"]
[White "Mikulic, Oliver"]
[Black "Matt, Fabian"]
[Result "0-1"]
[WhiteElo "2062"]
[BlackElo "2053"]
[PlyCount "68"]
[EventDate "2010.10.15"]
[EventType "team"]
[EventRounds "11"]
[EventCountry "AUT"]
[WhiteTeam "Rochade Rum"]
[BlackTeam "Bregenz"]

1.e4 e5 2.Nf3 Nf6 3.Nc3 Nc6 4.Bc4 Nxe4 5.O-O Be7 6.Re1 Nxc3 7.bxc3 d6 8.d4 Bg4
9.h3 Bxf3 10.Qxf3 O-O 11.Bd5 exd4 12.Bxc6 bxc6 13.Qxc6 dxc3 14.Rb1 Bf6 15.Rb7 d5
16.Bf4 d4 17.Bxc7 Qc8 18.a4 Re8 19.Rxe8+ Qxe8 20.Qxe8+ Rxe8 21.Kf1 g5 22.Bd6 Re6
23.Bc5 d3 24.cxd3 c2 25.Ba3 Bc3 26.f4 Re1+ 27.Kf2 Ra1 28.Rb8+ Kg7 29.Bf8+ Kg6
30.f5+ Kf6 31.Rc8 c1=Q 32.Rc6+ Ke5 33.Bg7+ Kd5 34.Bxc3 Ra2+ 0-1

[Event "2. Bundesliga West 2010/11"]
[Site "Absam"]
[Date "2010.11.26"]
[Round "4"]
[Board "1"]
[White "Eisenbeiser, Amadeus"]
[Black "Dizdar, Goran"]
[Result "1/2-1/2"]
[WhiteElo "2397"]
[BlackElo "2555"]
[PlyCount "49"]
[EventDate "2010.10.15"]
[EventType "team"]
[EventRounds "11"]
[EventCountry "AUT"]
[WhiteTeam "Goetzis"]
[BlackTeam "SC Absam"]

1.e4 e6 2.d4 d5 3.Nd2 Be7 4.exd5 exd5 5.Bd3 Nf6 6.h3 c5 7.dxc5 Bxc5 8.Nb3 Bb6
9.Qe2+ Be6 10.Nf3 O-O 11.Be3 Nc6 12.Bxb6 Qxb6 13.O-O Rfe8 14.Qd2 Ne4 15.Qf4 Nb4
16.Nfd4 Bd7 17.Rfe1 a5 18.a4 Nxd3 19.cxd3 Nf6 20.Rxe8+ Bxe8 21.Qd2 Qd8 22.Nc1
Qb6 23.Ncb3 Qd8 24.Nc1 Qb6 25.Ncb3 1/2-1/2

[Event "2. Bundesliga West 2010/11"]
[Site "Absam"]
[Date "2010.11.26"]
[Round "4"]
[Board "2"]
[White "Schmittdiel, Eckhard"]
[Black "Schloetzer, Waldemar"]
[Result "1/2-1/2"]
[WhiteElo "2485"]
[BlackElo "2282"]
[PlyCount "70"]
[EventDate "2010.10.15"]
[EventType "team"]
[EventRounds "11"]
[EventCountry "AUT"]
[WhiteTeam "SC Absam"]
[BlackTeam "Goetzis"]

1.e4 c6 2.c4 d5 3.exd5 cxd5 4.cxd5 Nf6 5.Nc3 Nxd5 6.Nf3 Nc6 7.Bc4 e6 8.O-O Be7
9.d4 O-O 10.Re1 Bf6 11.Ne4 Nce7 12.a3 b6 13.Nxf6+ Nxf6 14.Bg5 Bb7 15.Ne5 Nf5
16.d5 Bxd5 17.Bxf6 gxf6 18.Bxd5 Qxd5 19.Qxd5 exd5 20.Nd7 Rfd8 21.Nxf6+ Kg7
22.Nh5+ Kh6 23.Nf4 d4 24.Re5 Kg5 25.Nd5 Rac8 26.h4+ Kg6 27.h5+ Kg5 28.Rd1 f6
29.f4+ Kg4 30.Nxf6+ Kxf4 31.Re4+ Kg5 32.Nxh7+ Kh6 33.Nf6 Kg5 34.Nh7+ Kh6 35.Nf6
Kg5 1/2-1/2

[Event "2. Bundesliga West 2010/11"]
[Site "Absam"]
[Date "2010.11.26"]
[Round "4"]
[Board "3"]
[White "Schmidlechner, Alexander"]
[Black "Pilz, Dieter"]
[Result "1/2-1/2"]
[WhiteElo "2170"]
[BlackElo "2323"]
[PlyCount "34"]
[EventDate "2010.10.15"]
[EventType "team"]
[EventRounds "11"]
[EventCountry "AUT"]
[WhiteTeam "Goetzis"]
[BlackTeam "SC Absam"]

1.d4 c5 2.d5 Nf6 3.c4 d6 4.Nc3 g6 5.e4 Bg7 6.f4 O-O 7.Nf3 b5 8.cxb5 a6 9.a4 axb5
10.Bxb5 Na6 11.O-O Nb4 12.Kh1 Bb7 13.Be3 Qc8 14.Nd2 Qc7 15.Nf3 Qc8 16.Nd2 Qc7
17.Nf3 Qc8 1/2-1/2

[Event "2. Bundesliga West 2010/11"]
[Site "Absam"]
[Date "2010.11.26"]
[Round "4"]
[Board "4"]
[White "De, Francesco Klaus"]
[Black "Scheffknecht, Philipp"]
[Result "1-0"]
[WhiteElo "2290"]
[BlackElo "2118"]
[PlyCount "77"]
[EventDate "2010.10.15"]
[EventType "team"]
[EventRounds "11"]
[EventCountry "AUT"]
[WhiteTeam "SC Absam"]
[BlackTeam "Goetzis"]

1.d4 Nf6 2.c4 e6 3.Nc3 Bb4 4.e3 O-O 5.Nge2 d5 6.a3 Be7 7.Nf4 Re8 8.Be2 c6 9.O-O
Nbd7 10.b4 dxc4 11.Bxc4 Nd5 12.Nfe2 a5 13.b5 N7b6 14.Bd3 c5 15.Nxd5 Qxd5 16.e4
Qh5 17.dxc5 Bxc5 18.Bb2 e5 19.Qc2 Bd6 20.Ng3 Qh4 21.Qe2 Be6 22.Rac1 Rac8 23.Qd2
Na4 24.Rxc8 Rxc8 25.Bc1 Nc5 26.Bc2 Bc7 27.Qe2 Bb6 28.Nf5 Bxf5 29.exf5 e4 30.Be3
Qf6 31.Qg4 Nd3 32.Bxd3 exd3 33.Bxb6 h5 34.Qd4 Qxf5 35.Bxa5 Qxb5 36.Bc3 f6 37.Bb4
Qf5 38.h3 Rc2 39.Rd1 1-0